Statistics for Random American Capital to Country

Click here to take the quiz!

General Stats

  • This quiz has been taken 368 times
  • The average score is 8 of 10

Answer Stats

CityCountry% Correct
Buenos AiresArgentina
100%
BelmopanBelize
100%
La Paz/SucreBolivia
100%
BrasiliaBrazil
100%
OttawaCanada
100%
SantiagoChile
100%
BogotaColombia
100%
San JoséCosta Rica
100%
HavanaCuba
100%
QuitoEcuador
100%
San SalvadorEl Salvador
100%
St. George'sGrenada
100%
Guatemala CityGuatemala
100%
Port-au-princeHaiti
100%
TegucigalpaHonduras
100%
KingstonJamaica
100%
Mexico CityMexico
100%
ManaguaNicaragua
100%
Panama CityPanama
100%
AsuncionParaguay
100%
LimaPeru
100%
KingstownSt. Vincent and the Grenadines
100%
Washington D.C.United States
100%
MontevideoUruguay
100%
CaracasVenezuela
100%
NassauBahamas
83%
BridgetownBarbados
75%
Santo DomingoDominican Republic
75%
ParamariboSuriname
75%
St. John'sAntigua and Barbuda
67%
CastriesSt. Lucia
50%
Port of SpainTrinidad and Tobago
50%
RoseauDominica
25%
BasseterreSt. Kitts and Nevis
25%

Score Distribution

Percentile by Number Answered

Percent of People with Each Score

Your Score History

You have not taken this quiz